Architectural drafting fundamentals / (Record no. 9328)
[ view plain ]
| 000 -LEADER | |
|---|---|
| fixed length control field | 00675nac a22001931u 4500 |
| 010 ## - LIBRARY OF CONGRESS CONTROL NUMBER | |
| LC control number | 80014753 |
| 020 ## - INTERNATIONAL STANDARD BOOK NUMBER | |
| International Standard Book Number | 0835902544 |
| 082 00 - DEWEY DECIMAL CLASSIFICATION NUMBER | |
| Classification number | 720.284 |
| Item number | BAL |
| 090 ## - LOCALLY ASSIGNED LC-TYPE CALL NUMBER (OCLC); LOCAL CALL NUMBER (OCLC) | |
| -- | 9328 |
| -- | 9328 |
| 100 ## - MAIN ENTRY--PERSONAL NAME | |
| Personal name | Ball, John E. |
| 245 10 - TITLE STATEMENT | |
| Title | Architectural drafting fundamentals / |
| Statement of responsibility, etc | John E. Ball. |
| 260 ## - PUBLICATION, DISTRIBUTION, ETC. (IMPRINT) | |
| Place of publication, distribution, etc | Reston, Va. : |
| Name of publisher, distributor, etc | Reston Pub. Co.,c.1980. |
| Date of publication, distribution, etc | c.1980. |
| 300 ## - PHYSICAL DESCRIPTION | |
| Extent | vii, 328 p. : |
| Other physical details | ill. ; |
| Dimensions | 28 cm. |
| 500 ## - GENERAL NOTE | |
| General note | Distributer: Al-Ahram. |
| 511 ## - PARTICIPANT OR PERFORMER NOTE | |
| Participant or performer note | Catalogued By: Mahitab. |
| 650 #0 - SUBJECT ADDED ENTRY--TOPICAL TERM | |
| Topical term or geographic name as entry element | Architectural drawing. |
| 942 ## - ADDED ENTRY ELEMENTS (KOHA) | |
| Item type | Book - Borrowing |
| Call number prefix | 720.284BAL |
| Withdrawn status | Item status | Source of classification or shelving scheme | Damaged status | Not for loan | Home library | Current library | Shelving location | Date acquired | Source of acquisition | Total Checkouts | Full call number | Barcode | Date last seen | Date last borrowed | Cost, replacement price | Koha item type |
|---|---|---|---|---|---|---|---|---|---|---|---|---|---|---|---|---|
| Dewey Decimal Classification | Central Library | Central Library | Second Floor | 04/05/2008 | Purchase | 1 | 720.284BAL | 000011222 | 15/07/2025 | 08/12/2009 | 14.20 | Book - Borrowing |